The Beatles Studio Albums - Statistics

General Stats
  • This quiz has been taken 63 times
  • The average score is 13 of 22
Answer Stats
Answer % Correct
Abbey Road
93%
Let It Be
93%
The Beatles
93%
Help
89%
Please Please Me
89%
Sgt. Pepper's Lonely Hearts Club Band
85%
Revolver
84%
Yellow Submarine
84%
A Hard Days Night
82%
Rubber Soul
82%
Magical Mystery Tour
80%
With the Beatles
78%
Beatles for Sale
75%
Meet the Beatles
51%
Yesterday and Today
42%
Beatles '65
22%
Twist and Shout
20%
The Beatles Second Album
18%
Introducing the Beatles
16%
Something New
16%
Beatles VI
15%
The Beatles Long Tall Sally
7%
No matching quizzes found
Score Distribution
Percent of People with Each Score
Percentile by Number Answered
Your Score History
You have not taken this quiz